Statistics for Belgian First Division A Teams

Click here to take the quiz!

General Stats

  • This quiz has been taken 16 times
  • The average score is 7 of 18

Answer Stats

HintTeam% Correct
4.Antwerp
90%
14.Standard
90%
3.Anderlecht
80%
1.Club Brugge
80%
5.Gent
80%
6.Charleroi
70%
10.Cercle Brugge
60%
8.Genk
60%
7.Mechelen
50%
18.Beerschot
20%
15.Eupen
20%
17.Seraing
20%
12.KV Oostende
10%
13.Kordrijk
0%
11.Oud-Heverlee
0%
9.St.Truidense
0%
16.SV Zulte Waragem
0%
2.Union Gilloise
0%

Score Distribution

Percentile by Number Answered

Percent of People with Each Score

Your Score History

You have not taken this quiz